The puffin book of stories for seven-year-olds / (Record no. 49521)
| 000 -LEADER | |
|---|---|
| fixed length control field | 00311nam a2200109 4500 |
| 020 ## - INTERNATIONAL STANDARD BOOK NUMBER | |
| International Standard Book Number | 9780140374605 |
| 100 ## - MAIN ENTRY--PERSONAL NAME | |
| Personal name | Cooling, Wendy |
| 9 (RLIN) | 86666 |
| 245 ## - TITLE STATEMENT | |
| Title | The puffin book of stories for seven-year-olds / |
| Statement of responsibility, etc | Wendy Cooling |
| 260 ## - PUBLICATION, DISTRIBUTION, ETC. (IMPRINT) | |
| Place of publication, distribution, etc | New York |
| Name of publisher, distributor, etc | Puffin Books |
| Date of publication, distribution, etc | 1996 |
| 300 ## - PHYSICAL DESCRIPTION | |
| Extent | 164 p. |
| Other physical details | ill. |
| Dimensions | 20 cm. |
| 942 ## - ADDED ENTRY ELEMENTS (KOHA) | |
| Source of classification or shelving scheme | |
| Koha item type | Book |
| Withdrawn status | Lost status | Source of classification or shelving scheme | Damaged status | Not for loan | Home library | Current library | Shelving location | Date acquired | Total Checkouts | Full call number | Barcode | Checked out | Date last seen | Date checked out | Price effective from | Koha item type |
|---|---|---|---|---|---|---|---|---|---|---|---|---|---|---|---|---|
| Asian Hope Primary Library | Asian Hope Primary Library | Junior Fiction | 09/05/2025 | 4 | J FIC COO | 208882 | 04/29/2026 | 04/22/2026 | 04/22/2026 | 09/05/2025 | Book |